00256nam a2200109 a 4500008004100000050001700041100001700058245001900075260003300094300001000127350000900137120416s1961 ||||||||||||||||| || u aPR 6053.E3N3 aCecil, Henry10aNatural causes aLondonbMicheal Josephc1961 a208p. a0.00